[Event "AUT-ch 2018"]
[Site "Vienna"]
[Date "2018.07.23"]
[Round "3"]
[White "Diermair, Andreas"]
[Black "Schmidlechner, Alexander"]
[Result "1/2-1/2"]
[WhiteElo "2508"]
[BlackElo "2226"]
[Annotator "TA"]
[PlyCount "69"]
[EventDate "2018.07.22"]
[EventType "swiss"]
[EventCountry "AUT"]
[SourceTitle "playchess.com"]
[Source "ChessBase"]
[SourceQuality "1"]

{[%evp 28,69,36,25,30,27,22,9,86,65,66,63,58,38,54,49,44,43,49,56,52,53,56,0,0,0,0,0,0,0,0,0,0,0,0,0,0,0,0,0,0,0,0,0]} 1. c4 e6 2. g3 d5 3. Bg2 Nf6 4. Nf3 Be7 5. O-O O-O 6. d4 c6 7. Nbd2 Nbd7 8. Qc2 b6 9. e4 Nxe4 10. Nxe4 dxe4 11. Qxe4 Bb7 12. Rd1 Nf6 13. Qc2 Qc8 14. c5 {E09: Closed Catalan: Main Line: 7 Qc2 c6 8 Nbd2} Rd8 15. Bd2 {LiveBook: 5 Games} (15. Bf4 Nd5 16. Bg5 Qc7 17. Bxe7 Qxe7 18. Rac1 Rac8 19. a3 bxc5 20. dxc5 e5 21. Re1 f6 22. Nd2 Rb8 23. f4 Qd7 24. fxe5 fxe5 25. Nc4 {1-0 (24) Istratescu,A (2580)-Martinovici,I (2338) Alba Iulia 2017}) 15... bxc5 16. dxc5 {White has an edge.} Rd5 17. b4 Ba6 $146 (17... a5 $1 $11 {remains equal.}) ({Predecessor:} 17... a5 18. Ng5 axb4 19. Bxd5 cxd5 20. c6 Qxc6 21. Qxc6 Bxc6 {0-1 (44) Borisova,E (2042)-Markelova,L (2155) Moscow 2017}) 18. Bc3 Rxd1+ $1 19. Rxd1 {Black must now prevent Ng5.} Nd5 20. Be1 Rb8 21. a3 Qc7 22. h4 h6 23. Bd2 Bf6 24. Bc1 Nc3 25. Bf4 (25. Re1 $14) 25... e5 $11 {The position is equal.} 26. Qxc3 exf4 27. Qe1 fxg3 28. fxg3 Rd8 29. Rxd8+ Qxd8 30. Qe4 Bb5 31. Ne5 Bxe5 32. Qxe5 g6 33. Kh2 h5 34. Qc3 Qd1 35. Bf3 {Precision: White = 57%, Black = 73%.} 1/2-1/2

[Event "AUT-ch 2018"]
[Site "Vienna"]
[Date "2018.07.23"]
[Round "3"]
[White "Balinov, Ilia"]
[Black "Morgunov, Daniel"]
[Result "1-0"]
[WhiteElo "2478"]
[BlackElo "2346"]
[Annotator "TA"]
[PlyCount "75"]
[EventDate "2018.07.22"]
[EventType "swiss"]
[EventCountry "AUT"]
[SourceTitle "playchess.com"]
[Source "ChessBase"]
[SourceQuality "1"]

{[%evp 23,75,40,55,45,63,70,74,83,123,94,78,32,32,32,32,37,38,44,34,28,44,55,187,186,158,170,288,253,287,283,286,274,508,471,449,465,556,564,727,728,704,460,415,435,443,427,827,801,918,913,894,844,1262,1045]} 1. d4 Nf6 2. g3 g6 3. Bg2 Bg7 4. e4 d6 5. Ne2 O-O 6. O-O e5 7. h3 Nbd7 8. Nbc3 c6 9. a4 a5 10. Be3 Re8 11. g4 exd4 12. Bxd4 h6 {LiveBook: 3 Partien. B07: Pirc-Ufimzew-Verteidigung} (12... Nf8 13. Qd2 Be6 14. Rad1 Bc4 15. Rfe1 Bxe2 16. Rxe2 h5 17. g5 N6d7 18. Be3 Nc5 19. Qxd6 Qxd6 20. Rxd6 Bxc3 21. Bxc5 Bxb2 {0-1 (56) Krush,I (2455)-Shulman,Y (2624) Reykjavik 2010}) 13. Ng3 Nc5 14. Qd2 Qe7 $146 {Weiß steht etwas besser.} ({Vorgänger:} 14... Qb6 15. Rad1 Qb4 16. f4 Rd8 17. g5 hxg5 18. f5 Nh7 19. Bxg7 Kxg7 {½-½ (44) Glud,J (2418)-Llorente Zaro,A (2367) Herceg Novi 2006}) 15. Rad1 Kh7 16. Be3 Nfd7 {[%cal Bf6d7,Bd7e5,Be5f3][%mdl 32]} 17. Bf4 Ne5 18. b3 (18. Qxd6 Qxd6 19. Rxd6 Nc4 $17) 18... Qf6 19. Nce2 Ne6 20. Be3 {[#] Droht stark f4.} Nf3+ 21. Bxf3 $1 Qxf3 22. Kh2 h5 ({Lieber} 22... b5 $14) 23. Ng1 $36 {[%mdl 2048] Läuft bei Weiss.} Qf6 24. gxh5 gxh5 (24... d5 {war einen Versuch wert.}) 25. Nxh5 ({Schwächer ist} 25. Qxd6 Rd8 $14) 25... Qe5+ 26. Ng3 d5 27. exd5 Rd8 $2 (27... cxd5 28. Qxd5 (28. Nf3 Qc7 $18) 28... Qc7) 28. c4 cxd5 29. cxd5 Kg8 30. f4 Qf6 31. Qg2 Nc7 32. Bd4 Qh6 {[#]} 33. Nh5 $1 {[%mdl 512]} Ne8 {Weiß steht klar auf Gewinn.} (33... Qxh5 34. Qxg7#) 34. Rde1 Be6 (34... Qg6 $142) 35. Nxg7 $18 Bxd5 36. Rxe8+ Rxe8 37. Qxd5 Rad8 38. Qg2 {Precision: Weiß = 80%, Schwarz = 41%.} 1-0

[Event "AUT-ch 2018"]
[Site "Vienna"]
[Date "2018.07.23"]
[Round "3"]
[White "Stanec, Nikolaus"]
[Black "Exler, Veronika"]
[Result "1/2-1/2"]
[WhiteElo "2465"]
[BlackElo "2198"]
[Annotator "TA"]
[PlyCount "154"]
[EventDate "2018.07.22"]
[EventType "swiss"]
[EventCountry "AUT"]
[SourceTitle "playchess.com"]
[Source "ChessBase"]
[SourceQuality "1"]

{[%evp 14,154,3,0,2,-10,20,15,24,2,14,12,4,17,24,13,14,12,16,0,18,0,0,-10,0,0,8,0,0,0,0,-20,-20,-82,-12,-36,-38,-35,-20,-46,-25,-41,-26,-23,-6,-25,-10,-9,12,12,12,14,19,13,14,14,13,13,19,16,30,31,29,30,40,38,39,34,55,41,41,33,33,33,35,32,54,53,49,46,62,41,108,100,161,139,202,193,230,227,239,0,0,0,0,0,0,-37,-16,-197,-191,-241,-88,-88,-93,-164,-167,-328,-296,-259,-232,-80,0,0,0,0,0,0,0,0,0,0,0,0,0,0,0,0,0,0,0,0,0,0,0,0,0,0,0,0,0,0,0]} 1. e4 c6 2. d3 d5 3. Nd2 e5 4. Ngf3 Bd6 5. g3 Nf6 6. Bg2 O-O 7. O-O Nbd7 8. b3 {LiveBook: 42 Games} dxe4 {B10: Caro-Kann: 2 d3 and 2 c4} (8... Re8 9. Bb2 a5 10. c3 a4 11. Rb1 a3 12. Ba1 b6 13. Qc2 Ba6 14. Rfe1 Nc5 15. c4 d4 16. b4 {0-1 (48) Bodnaruk,A (2428)-Gunina,V (2510) Riadh 2017}) 9. dxe4 Nb6 10. Bb2 $146 ({Predecessor:} 10. Qe2 Qc7 11. Bb2 Bg4 12. h3 Bh5 13. Qe3 Rad8 14. Nh4 {1-0 (87) Micoogullari,L (1668)-Ayan,B (1693) Kocaeli 2015}) 10... Qc7 11. h3 h6 12. Ne1 Nfd7 13. Qh5 Nf6 14. Qe2 Nfd7 15. Rd1 Re8 16. Ndf3 Nc5 17. Qe3 Nbd7 18. Nh4 Nf6 19. Nd3 b6 20. Nxc5 Bxc5 21. Qf3 a5 22. c3 Be6 23. Qe2 (23. Bc1 $11 {keeps the balance.}) 23... Rad8 (23... b5 $17) 24. Nf3 {[%cal Bh4f3,Bf3e1,Be1d3][%mdl 32]} Nh7 {[%cal Bf6h7,Bh7f8,Bf8g6][%mdl 32]} 25. Bc1 Nf8 26. Kh2 Ng6 27. Kg1 Rxd1 28. Rxd1 Rd8 29. Ne1 Rxd1 30. Qxd1 Qd7 31. Qxd7 Bxd7 32. Nd3 Bd6 33. Be3 Bc7 34. Nb2 Nf8 35. h4 Be6 36. Bf1 Nd7 37. Ba6 Nb8 38. Bb7 Kf8 39. Na4 c5 40. Bd5 Ke7 41. Bxe6 Kxe6 $14 {[%mdl 4096] Endgame KBN-KBN} 42. Kf1 h5 43. Ke2 g6 44. Kd3 Kd6 45. Nb2 Nd7 46. a4 Nf8 47. Bg5 Nd7 (47... Nh7 $14) 48. Nc4+ $16 Ke6 (48... Kc6 $16) 49. Ne3 $1 $18 f6 (49... Kd6 $16 50. Nd5 Kc6) 50. Bh6 $1 Bd8 {[#]} 51. Kc4 $1 f5 {[#]} 52. f3 $2 (52. Kb5 $1 $18) 52... f4 $1 $11 {[%cal Rf4e3]} 53. gxf4 Bxh4 54. f5+ gxf5 55. Nxf5 Bf6 56. Bg7 $2 (56. Kd3 $11) 56... Bg5 $19 57. Kd3 c4+ $2 (57... h4 $19 {is more deadly.} 58. Bh6 Kf6 59. Bg7+ Kg6) 58. Kxc4 $17 h4 {[%cal Bh5h4,Bh4h3][%mdl 32]} 59. Bh6 (59. Nxh4 $17 {was worth a try.} Bxh4 60. Bh6) 59... Bxh6 $19 60. Nxh6 $2 {KN-KN} (60. Nxh4 Bd2 61. b4) 60... Nf6 61. Nf5 h3 {Hoping for ...Nh5.} 62. Ng3 Kd6 (62... h2 $17) 63. b4 {The position is equal.} Kc6 64. Nf1 Ne8 65. Kd3 b5 66. axb5+ Kxb5 {Strongly threatening ...a4.} 67. bxa5 {And now a6 would win.} Nd6 68. Ke3 Nc4+ 69. Kf2 Kxa5 70. Kg3 Ka4 71. Kxh3 Kb3 72. Kg4 Kxc3 73. Kf5 Kd3 74. Ke6 {Black must now prevent Kd5.} Kd4 75. Nh2 Nd2 76. Kf5 Nc4 77. Ke6 Nd2 {Precision: White = 53%, Black = 59%.} 1/2-1/2

[Event "AUT-ch 2018"]
[Site "Vienna"]
[Date "2018.07.23"]
[Round "3"]
[White "Halvax, Georg"]
[Black "Schroll, Gerhard"]
[Result "1/2-1/2"]
[WhiteElo "2433"]
[BlackElo "2295"]
[Annotator "TA"]
[PlyCount "60"]
[EventDate "2018.07.22"]
[EventType "swiss"]
[EventCountry "AUT"]
[SourceTitle "playchess.com"]
[Source "ChessBase"]
[SourceQuality "1"]

{[%evp 32,60,77,75,89,75,143,111,111,107,106,72,109,86,95,91,125,113,126,104,110,32,42,22,101,91,77,106,80,81,66]} 1. e4 {[%cal Be2e4,Be4e5][%mdl 32]} Nf6 2. e5 Nd5 3. d4 d6 4. c4 Nb6 5. f4 dxe5 6. fxe5 Nc6 7. Be3 Bf5 8. Nc3 e6 9. Nf3 Bg4 10. Be2 Bxf3 11. gxf3 Qh4+ 12. Bf2 Qf4 13. c5 {B03: Alekhine's Defence: Four Pawns Attack} Nd5 14. Nxd5 exd5 15. Qd2 Qxd2+ 16. Kxd2 g6 17. Be3 {[#] LiveBook: 6 Games} Be7 $146 ({Predecessor:} 17... h5 18. Bb5 Ke7 19. Bg5+ Ke6 20. Kc3 h4 {1-0 (54) Pavasovic,D (2598)-Nakamura,H (2699) Austria 2008}) 18. f4 f5 (18... Bh4 $142) 19. b4 {[%cal Bb2b4,Bb4b5][%mdl 32]} Kf7 20. a3 Bh4 21. Rab1 h6 22. Rhg1 Ne7 23. b5 Rag8 24. a4 g5 25. Bh5+ Ke6 26. a5 ({Better is} 26. Kd3 $16) 26... gxf4 $1 $14 27. Bxf4 Bg5 (27... Rg5 $1 $11 28. Bxg5 hxg5) 28. Ke3 {White is better.} Bxf4+ 29. Kxf4 Rg5 30. Rxg5 hxg5+ {Precision: White = 32%, Black = 49%.} 1/2-1/2

[Event "AUT-ch 2018"]
[Site "Vienna"]
[Date "2018.07.23"]
[Round "3"]
[White "Menezes, Christoph"]
[Black "Goessler, Markus"]
[Result "1/2-1/2"]
[WhiteElo "2430"]
[BlackElo "2190"]
[Annotator "TA"]
[PlyCount "57"]
[EventDate "2018.07.22"]
[EventType "swiss"]
[EventCountry "AUT"]
[SourceTitle "playchess.com"]
[Source "ChessBase"]
[SourceQuality "1"]

{[%evp 14,57,-2,-15,22,17,25,21,21,21,28,21,21,21,21,25,29,21,21,13,14,18,22,24,28,0,0,-7,0,0,0,0,0,0,0,0,31,0,0,-4,10,0,0,-10,24,0]} 1. c4 Nf6 2. Nc3 e6 {[%cal Be7e6,Be6d5][%mdl 32]} 3. e4 d5 4. cxd5 exd5 5. e5 Ne4 6. Nf3 Bf5 {A18: English Opening: Flohr-Mikenas System (1 c4 Nf6 2 Nc3 e6 3 e4)} 7. d3 Nxc3 8. bxc3 {LiveBook: 13 Games} Be7 {The position is equal.} (8... c5 9. d4 Qa5 10. Bd2 Nc6 11. Be2 Be7 12. O-O O-O 13. a4 Rac8 14. Ra2 {½-½ (37) Nakamura,H (2769)-Ding,L (2791) Stavanger 2018}) 9. d4 O-O 10. Bd3 Bxd3 11. Qxd3 Qd7 12. O-O Nc6 13. Ng5 Bxg5 14. Bxg5 Na5 $146 15. f4 f5 16. exf6 gxf6 17. Bh6 Rfe8 18. f5 Re4 19. Rf3 {[#] Strongly threatening Rg3+.} Kh8 20. Raf1 Rg8 21. Rg3 Rxg3 22. Qxg3 Nc4 23. Bf4 Re2 24. h3 c6 ({Don't go for} 24... Qxf5 $2 25. Be5 $18) 25. Bh6 Nd6 26. Bf8 Nc4 27. Bh6 Nd6 28. Bf8 Nc4 29. Bh6 {Precision: White = 71%, Black = 61%.} 1/2-1/2

[Event "AUT-ch 2018"]
[Site "Vienna"]
[Date "2018.07.23"]
[Round "3"]
[White "Schnider, Gert"]
[Black "Zimmermann, Heinz"]
[Result "1-0"]
[WhiteElo "2422"]
[BlackElo "2162"]
[Annotator "TA"]
[PlyCount "51"]
[EventDate "2018.07.22"]
[EventType "swiss"]
[EventCountry "AUT"]
[SourceTitle "playchess.com"]
[Source "ChessBase"]
[SourceQuality "1"]

{[%evp 20,51,42,41,69,69,202,194,237,230,234,223,227,193,189,94,166,172,204,208,223,216,356,240,212,115,115,110,97,106,122,34,697,636]} 1. e4 c5 2. Nf3 a6 3. c4 Nc6 4. d4 cxd4 5. Nxd4 e5 6. Nf5 d5 7. cxd5 Bxf5 8. exf5 Nd4 9. Nc3 Nf6 10. Bd3 {B28: Sicilian: 2 Nf3 a6 (O'Kelly Variation)} Nxd5 11. O-O {LiveBook: 9 Games} Be7 12. Be4 {White is slightly better.} Nxc3 ({Black should try} 12... Nf6 $1 $14) 13. bxc3 $18 Nc6 14. Qg4 Bf6 15. Ba3 Qc7 $146 ({Predecessor:} 15... Qa5 16. Qf3 Rc8 17. Bd6 Be7 18. Bxe7 Kxe7 {1-0 (32) Sokolov,A (2365)-Kim,S Kstovo 1994}) 16. Rfd1 Rd8 17. Rdb1 (17. Rab1 $18 {is more deadly.}) 17... b5 (17... Na5 $16) 18. Qf3 Rc8 19. Rd1 Be7 20. Bxe7 Kxe7 (20... Nxe7 {might work better.} 21. Rd3 (21. f6 gxf6 22. Qxf6 O-O $16) 21... Rd8) 21. Qg3 Kf8 22. Bxc6 (22. a4 $18) 22... Qxc6 $16 23. Qxe5 h5 24. Rd6 Qc7 25. f6 (25. Re1 $16) 25... gxf6 $2 {[%mdl 8192] [#]} (25... Rh6 $14) 26. Qxf6 {Precision: White = 53%, Black = 38%.} 1-0

[Event "AUT-ch 2018"]
[Site "Vienna"]
[Date "2018.07.23"]
[Round "3"]
[White "Thoma, Wilhelm Jun"]
[Black "Blohberger, Felix"]
[Result "0-1"]
[WhiteElo "2420"]
[BlackElo "2420"]
[Annotator "TA"]
[PlyCount "116"]
[EventDate "2018.07.22"]
[EventType "swiss"]
[EventCountry "AUT"]
[SourceTitle "playchess.com"]
[Source "ChessBase"]
[SourceQuality "1"]

{[%evp 21,116,4,4,0,2,0,17,8,25,8,21,14,16,-19,14,0,26,24,27,24,27,17,24,24,17,16,16,16,18,18,25,23,161,16,16,16,19,16,10,10,12,6,15,8,10,4,12,3,9,10,9,4,8,3,2,2,3,2,8,8,30,30,30,13,13,0,0,0,0,0,0,0,0,0,0,0,0,-5214,-5102,-29961,-29962,-29961,-29962,-29959,-29959,-12817,-6590,-6760,-11743,-12795,-6524,-6449,-5589,-2021,-1072,-29982,-29983]} 1. Nf3 d5 2. d4 Nf6 3. c4 e6 4. Nc3 Bb4 5. Bg5 h6 6. Bxf6 Qxf6 7. e3 O-O 8. cxd5 exd5 9. Qb3 Qd6 10. Bd3 c6 11. O-O Nd7 {LiveBook: 5 Partien} 12. Rac1 {D38: Damengambit (Ragosin-Verteidigung)} Re8 13. a3 Ba5 14. Qc2 {[#] Die Stellung ist ausgeglichen.} Bd8 $146 ({Vorgänger:} 14... a6 15. Na4 Bc7 {½-½ (54) Bjelobrk,I (2361)-Smerdon,D (2519) Sydney 2015}) 15. b4 a6 16. Rfe1 {[%cal Bf1e1,Be1e2,Be2a2,Ba2b2][%mdl 32]} Nf6 17. Qb1 Be7 18. Na4 a5 {[%cal Ra5b4]} 19. Nb6 Rb8 20. bxa5 Qxa3 21. Re2 Qxa5 22. Ra2 Qb4 23. Rb2 Qa3 24. Rb3 Qd6 $1 ({Nur nicht} 24... Qa7 $2 25. Rc2 $18) 25. Nxc8 Rexc8 26. Rxb7 c5 (26... Rxb7 $11 {und Schwarz ist OK.} 27. Qxb7 Qc7) 27. dxc5 (27. Rxc5 $18 {Droht stark Lf5.} Qd8 28. Rxc8 Rxc8 29. Ne5) 27... Rxb7 $11 28. Qxb7 Rxc5 29. Rxc5 (29. Ra1 {keeps more tension.} Qc7 30. Qb1 Ra5 31. Rxa5 Qxa5 32. g3) 29... Qxc5 30. Qb8+ Bf8 31. Qb2 Qd6 32. h3 g6 33. Bc2 Kg7 34. Qc3 Qe6 35. Nd4 Qe8 36. Ne2 Bd6 37. Bb3 Qe4 {Und ...Db1+ würde nun gewinnen.} 38. Qd4 Qb1+ 39. Qd1 Qb2 40. g3 Qe5 41. Nf4 {[%cal Rf4d5]} d4 42. exd4 Qf5 43. Bc2 Qc8 44. Qd3 {[%cal Rf4g6] Sxg6! ist eine echte Drohung.} Bxf4 45. gxf4 Qc6 46. f5 {[%cal Rf5g6]} g5 47. Bb3 Nh5 48. Qe3 Nf4 {[%csl Gf4][%cal Rc6g2] [#]} 49. Qe5+ $2 {[%mdl 8192]} (49. d5 $1 $11 {[%mdl 512]} Nxd5 50. Qd4+ Nf6 51. Qa7) 49... Kh7 $19 {[%csl Gf4][%cal Rc6g2]} 50. d5 Qc1+ 51. Kh2 Qf1 $1 {[%csl Gf4,LRf2,LRh3][%cal Rf1g2]} 52. Qe4 Qxf2+ 53. Kh1 Qf1+ 54. Kh2 Qxh3+ 55. Kg1 Qxb3 56. f6+ Ng6 57. Qf5 Qd1+ 58. Kg2 {[#]} Qxd5+ $1 {[%mdl 512] Precision: Weiß = 38%, Schwarz = 61%.} 0-1

[Event "AUT-ch 2018"]
[Site "Vienna"]
[Date "2018.07.23"]
[Round "3"]
[White "Huber, Martin Christian"]
[Black "Dragnev, Valentin"]
[Result "0-1"]
[WhiteElo "2374"]
[BlackElo "2499"]
[Annotator "TA"]
[PlyCount "58"]
[EventDate "2018.07.22"]
[EventType "swiss"]
[EventCountry "AUT"]
[SourceTitle "playchess.com"]
[Source "ChessBase"]
[SourceQuality "1"]

{[%evp 14,58,2,-2,24,41,28,24,18,13,20,21,16,13,36,19,30,-2,22,15,14,-7,-7,-38,-46,-86,-106,-112,-109,-114,-119,-115,-95,-279,-240,-211,-202,-339,-322,-450,-439,-418,-384,-371,-365,-396,-389]} 1. e4 e5 2. Nf3 Nc6 3. Bb5 a6 4. Ba4 Nf6 5. d3 d6 6. c4 g6 7. Nc3 Bg7 8. Nd5 {LiveBook: 20 Games. C77: Ruy Lopez: 3...a6 4 Ba4 Nf6, unusual lines} Nxd5 $146 ({Predecessor:} 8... O-O 9. Bg5 Nb8 10. d4 c6 11. dxe5 dxe5 12. Nxf6+ Bxf6 13. Qxd8 Bxd8 14. Bxd8 Rxd8 15. Nxe5 Re8 {1-0 (63) Tiviakov,S (2583)-Ernst,S (2546) Amsterdam 2018}) 9. cxd5 b5 10. dxc6 {White has an edge.} bxa4 11. Qxa4 O-O 12. Bg5 f6 13. Bd2 Rb8 {[%cal Ba8b8,Bb8b2,Bb2b5][%mdl 32]} 14. Qc4+ Kh8 15. h4 Qe8 16. Ba5 Qe7 17. h5 gxh5 18. Rxh5 Rxb2 19. Qc3 Rb5 20. Bb4 Bg4 $36 {[%mdl 2048] Black is on the roll.} 21. Rh2 Rfb8 22. Ba3 Rb1+ 23. Kd2 $2 (23. Rxb1 $17 {keeps fighting.} Rxb1+ 24. Bc1) 23... Rxa1 $19 24. Qxa1 Qe8 25. Rh4 (25. Qc1 {was called for.}) 25... Qg6 {[#] Threatens to win with ...Bxf3.} 26. Ke2 f5 27. exf5 Qxf5 {Black is winning.} 28. Bb2 Qf4 {Strongly threatening ...Bxf3+.} 29. Rh1 Rf8 {Precision: White = 25%, Black = 53%.} 0-1

[Event "AUT-ch 2018"]
[Site "Vienna"]
[Date "2018.07.23"]
[Round "3"]
[White "Morgunov, Marc"]
[Black "Ager, Josef"]
[Result "0-1"]
[WhiteElo "2362"]
[BlackElo "2154"]
[Annotator "NA"]
[PlyCount "84"]
[EventDate "2018.07.22"]
[EventType "swiss"]
[EventCountry "AUT"]
[SourceTitle "playchess.com"]
[Source "ChessBase"]
[SourceQuality "1"]
[TimeControl "40/5400+30:1800+30"]

1. Nf3 {[%emt 0:00:00]} g6 {[%emt 0:00:18]} 2. g3 {[%emt 0:00:00]} Bg7 {[%emt 0:00:07]} 3. Bg2 {[%emt 0:00:00]} d6 {[%emt 0:00:14]} 4. O-O {[%emt 0:00:00]} Nc6 {[%emt 0:00:14] A04: Unusual lines after 1 Nf3 and King's Indian Attack} (4... e5 5. c4 f5 6. Nc3 Nf6 7. d3 O-O 8. b4 Nh5 9. Bg5 Qe8 10. Nd5 Rf7 11. b5 f4 12. h3 fxg3 13. Be3 gxf2+ 14. Rxf2 c6 15. bxc6 bxc6 16. Nc3 {1-0 (35) Carlsen,M (2832)-Guseinov,G (2645) chess.com INT 2017}) 5. d3 {[%emt 0:00:47]} f5 {[%emt 0:01:01]} 6. e4 {[%emt 0:02:24]} Nf6 {[%emt 0:00:11]} 7. Re1 {[%emt 0:00:36]} O-O {[%emt 0:01:19]} 8. c3 {[%emt 0:01:21]} fxe4 $146 {[%emt 0:02:03]} ({Predecessor:} 8... e5 9. Ng5 Kh8 10. f4 h6 11. Nf3 exf4 12. Bxf4 fxe4 13. dxe4 {0-1 (47) Balogun,O (2222)-Hawkins,J (2583) chess.com INT 2017}) 9. dxe4 {[%emt 0:00:12]} e5 {[%emt 0:00:21]} 10. Nbd2 {[%emt 0:03:40]} Kh8 {[%emt 0:00:22]} 11. Qc2 {[%emt 0:04:26]} Be6 {[%emt 0:04:56]} 12. h3 {[%emt 0:04:08]} h6 {[%emt 0:03:05]} 13. Nh4 {[%emt 0:04:41]} Ne7 {[%emt 0:00:27]} 14. g4 {[%emt 0:08:51]} Nfg8 {[%emt 0:07:32]} 15. Ndf3 {[%emt 0:04:38]} Qe8 {[%emt 0:08:02]} 16. Be3 {[%emt 0:05:10]} Nc6 {[%emt 0:00:32]} 17. g5 {[%emt 0:02:36]} h5 {[%emt 0:00:31]} 18. Nd2 {[%emt 0:00:34]} Nge7 {[%emt 0:00:19]} 19. Nf1 {[%emt 0:02:08]} Qf7 {[%emt 0:02:40]} 20. b3 {[%emt 0:00:45]} Qe8 {[%emt 0:06:17]} 21. Rad1 {[%emt 0:03:19]} Bg8 {[%emt 0:02:32]} 22. Ng3 {[%emt 0:03:43]} Bh7 {[%emt 0:00:33]} 23. Ne2 {[%emt 0:01:50]} Nd8 {[%emt 0:00:46]} 24. f4 {[%emt 0:07:08]} Ne6 {[%emt 0:00:19]} 25. fxe5 {[%emt 0:00:06]} Bxe5 {[%emt 0:01:29]} 26. Nf3 {[%emt 0:00:21]} Bg7 {[%emt 0:00:40]} 27. Ned4 {[%emt 0:04:08]} Nc6 {[%emt 0:01:40]} 28. Nxc6 {[%emt 0:03:47]} bxc6 {[%emt 0:00:48]} 29. Bd4 {[%emt 0:06:09]} Qe7 {[%emt 0:04:38]} 30. Bxg7+ {[%emt 0:02:36]} Kxg7 {[%emt 0:00:26]} 31. e5 {[%emt 0:02:36]} d5 {[%emt 0:00:43]} 32. c4 {[%emt 0:06:08]} Bg8 {[%emt 0:01:39]} 33. cxd5 {[%emt 0:01:13]} cxd5 {[%emt 0:00:10]} 34. Rxd5 {[%emt 0:00:34]} Nxg5 {[%emt 0:01:46] [#]} 35. Nh4 $2 {[%emt 0:01:41]} ({White must play} 35. e6 $1 $16 Nxf3+ 36. Bxf3) 35... Nxh3+ {[%emt 0:01:12]} 36. Bxh3 {[%emt 0:00:25]} Qxh4 {[%emt 0:00:09]} 37. Rd7+ {[%emt 0:00:04]} Kh8 {[%emt 0:04:07]} 38. Qc3 {[%emt 0:00:18]} Qf2+ {[%emt 0:00:15]} 39. Kh1 {[%emt 0:00:04]} Rf3 {[%emt 0:00:29]} 40. Qxf3 {[%emt 0:08:02]} Qxf3+ $19 {[%emt 0:30:21]} 41. Bg2 {[%emt 0:30:04]} Qf2 {[%emt 0:01:46]} 42. Rf1 {[%emt 0:00:03]} Qh4+ {[%emt 0:00:10]} 0-1

[Event "AUT-ch 2018"]
[Site "Vienna"]
[Date "2018.07.23"]
[Round "3"]
[White "Knoll, Hermann"]
[Black "Trippold, Denise"]
[Result "0-1"]
[WhiteElo "2338"]
[BlackElo "2138"]
[Annotator "TA"]
[PlyCount "87"]
[EventDate "2018.07.22"]
[EventType "swiss"]
[EventCountry "AUT"]
[SourceTitle "playchess.com"]
[Source "ChessBase"]
[SourceQuality "1"]

{[%evp 9,87,-20,0,-33,-10,-18,-13,-45,-9,-20,19,6,35,35,35,28,50,8,100,106,195,200,201,189,275,153,166,99,134,100,96,32,60,52,83,-25,-10,-64,-72,-58,-100,-93,-62,-66,-50,-245,-198,-186,-221,-224,-216,-216,-171,-260,-241,-349,-314,-267,-230,-366,-381,-391,-241,-632,-372,-583,-235,-230,-229,-236,-235,-234,-228,-405,-377,-462,-440,-439,-415,-1103]} 1. e3 Nf6 2. b3 g6 3. Bb2 Bg7 4. f4 (4. Nf3 O-O 5. d4 d6 6. Be2 Nbd7 7. c4 e5 8. dxe5 dxe5 9. O-O e4 10. Nfd2 Re8 11. Qc2 c6 12. c5 Qe7 13. b4 a5 14. a3 Ne5 15. Bxe5 Qxe5 16. Nc4 Qxa1 {0-1 (28) Nakamura,H (2787)-Carlsen,M (2853) chess.com INT 2016}) 4... c5 5. Nf3 Nc6 {LiveBook: 22 Games} 6. Bd3 {A01: Nimzowitsch-Larsen Opening} d5 {[%cal Bd7d5,Bd5d4][%mdl 32]} 7. O-O O-O 8. Qe1 {The position is equal.} d4 $146 ({Predecessor:} 8... Nb4 9. Na3 b6 10. Qh4 Nxd3 11. cxd3 Ba6 12. Ne5 Rc8 13. Rf3 e6 14. Rh3 {0-1 (50) Vlaic,B (2273)-Cebalo,M (2469) Sibenik 2009}) 9. Na3 Nd5 10. Nc4 Qc7 11. Be4 Rd8 12. Qh4 e6 13. Rae1 $36 {[%mdl 2048] Black is under pressure.} b6 (13... f5 $11 {keeps the balance.} 14. Bxd5 exd5) 14. Nce5 ({Much worse is} 14. Ng5 $6 h6 $11) 14... Nxe5 (14... Bf6 $16 15. Qh3 Ba6) 15. fxe5 $18 h6 16. exd4 cxd4 (16... Bb7 {might work better.} 17. c4 Ne7 18. Bxb7 Qxb7 19. dxc5 Bf8) 17. Bxd4 (17. Nxd4 $18 Bb7 18. c4) 17... Bb7 $16 18. c3 (18. Bb2 $18) 18... Rac8 19. Qg3 Ne7 20. Bb1 ({Better is} 20. Qf2 $16) 20... Bd5 21. h4 f5 22. h5 (22. Re2 $16) 22... g5 $11 23. Nxg5 ({White should play} 23. Re2 $11) 23... hxg5 $15 24. Qxg5 {aiming for h6.} Kh7 25. Be3 Rg8 26. Rf2 $1 Bf8 27. Qf4 $2 (27. Qh4 $15) 27... Kh8 28. c4 Rg4 29. Qh2 {[#]} Bb7 $1 30. d4 Ng8 {[%cal Be7g8,Bg8h6,Bh6f7][%mdl 32]} 31. d5 (31. h6 $142) 31... Bc5 $19 32. d6 (32. Qh3 $142) 32... Qc6 33. h6 Rf8 34. h7 {[#]} (34. Ree2 {keeps fighting.} Kh7 35. Bd3) 34... Nh6 $1 {[%mdl 512]} 35. Kf1 (35. Bxh6 Rxg2+) 35... Nf7 36. Bd3 $2 (36. Bxc5 Qxc5 37. Qh3) 36... Rg7 37. Rf3 (37. Bxc5 $142 Qxc5 38. Rd2) 37... Rxg2 (37... Bxe3 $142 38. Rexe3 Qc5) 38. Qxg2 {Threatens to win with Rf2.} Qxf3+ 39. Qxf3 Bxf3 40. Bxc5 bxc5 41. Kf2 $2 (41. Bxf5 Bc6 42. Bb1) 41... Bc6 42. Kg3 Kxh7 43. Kf4 Rg8 44. Rb1 {Precision: White = 29%, Black = 39%.} (44. Be2 $142) 0-1